Hill and Redman's law of landlord and tenant Vols 1 and 2 (Record no. 93873)

MARC details
000 -LEADER
fixed length control field 00577cam a2200217 4500
001 - CONTROL NUMBER
control field D5576
008 - FIXED-LENGTH DATA ELEMENTS--GENERAL INFORMATION
fixed length control field 090401t1982 xxu||||| |||| 00| 0 eng d
035 ## - SYSTEM CONTROL NUMBER
System control number (Sirsi) u57003
041 ## - LANGUAGE CODE
Language code of text/sound track or separate title eng
050 ## - LIBRARY OF CONGRESS CALL NUMBER
Classification number 346.410434
-- 18
100 ## - MAIN ENTRY--PERSONAL NAME
Personal name Hill, Harold Arthur
245 ## - TITLE STATEMENT
Title Hill and Redman's law of landlord and tenant Vols 1 and 2
250 ## - EDITION STATEMENT
Edition statement 17th ed
260 ## - PUBLICATION, DISTRIBUTION, ETC.
Place of publication, distribution, etc. London
Name of publisher, distributor, etc. Butterworths
Date of publication, distribution, etc. 1982
300 ## - PHYSICAL DESCRIPTION
Extent 2v. 25cm
350 ## - PRICE (NR) (BK AM CF MU VM SE) [OBSOLETE]
Price 95
520 ## - SUMMARY, ETC.
Summary, etc. Kept up to date by a loose-leaf service volume R231820
700 ## - ADDED ENTRY--PERSONAL NAME
Personal name Barnes, Michael
942 ## - ADDED ENTRY ELEMENTS (KOHA)
Suppress in OPAC 0
948 ## - LOCAL PROCESSING INFORMATION (OCLC); SERIES PART DESIGNATOR (RLIN)
c (OCLC) 04/03/1997
Holdings
Withdrawn status Lost status Source of classification or shelving scheme Damaged status Not for loan Home library Current library Shelving location Date acquired Cost, normal purchase price Total Checkouts Full call number Barcode Date last seen Copy number Cost, replacement price Price effective from Koha item type
    Dewey Decimal Classification     London London Basement 14/09/1999 95.00   SHELF 315 30008042 06/08/2019 1 95.00 06/08/2019 Reference material
    Dewey Decimal Classification     London London Basement 14/09/1999 95.00   SHELF 315 30008046 06/08/2019 2 95.00 06/08/2019 Reference material